000 00805cam a22001934a 4500
005 20250605164339.0
008 250528s ||||||||||||||||||||||||d
035 _a23552
040 _aGR-AtMCL
_bgre
_dGR-AtMCL
_eAACR2
245 1 _aSurvival First Person Shooter/ProjectZ
260 _c2018
300 _a41
520 _aAbstract, Acknowledgements, Project Rationale, Project Aim and Objectives, Literature Review, The History of First Person Shooters, Similar Games, Develoment Methodology, Methodology, Unity 3D, Unity 3D GUI, Unity 3D Tools and Services, Development, Implementation, Testing and Results, Discussion, Issues, Future Work, References, Appendices.
700 1 _aPateras George
_99128
700 1 _aVogkas Vasileios
_99129
942 _cDS
999 _c8553
_d8553